000 00894nam a22002897a 4500
003 CHAP
005 20220329134116.0
008 971013s1935 r 00010 d
010 _a15504
011 _a16476
035 _a20555
040 _cCHAP
090 _aTesis
100 0 0 _aHiguera V., Waldo.
_955362
245 _aProyecto de abastecimiento de aguas a la población de San Juan del Río, Qro.
260 _a(s.l.) :
_bEl Autor,
_c1935
300 _aPág. varía
_b: ilus.
502 _aTesis (Ing. Agr. Esp. en Irrigación) -- ENA.
590 _aALEPH
_b10
_c20130110
_lUCH01
_h1237
590 _aBATCH-UPD
_b10
_c20130110
_lUCH01
_h2221
590 _aBATCH-UPD
_b10
_c20130410
_lUCH01
_h1519
590 _aCONVERSION
_b10
_c20130109
_lUCH01
_h1310
650 1 4 _aAgua
_xAbastecimiento
_xQueretaro.
_92260
901 _aBK
942 _cTESIS
949 _bBC
_cTES
_d-47897
_eTS1
_i20555
_si
999 _c15504
_d15504